| 000 | 00720nam a2200205 i 4500 | ||
|---|---|---|---|
| 001 | 46074 | ||
| 003 | ES-MaACL | ||
| 005 | 20250828083959.0 | ||
| 007 | t| | ||
| 008 | 030327s1946 sz ||||1| fre d | ||
| 111 | 2 |
_aConférence Internationale de l'Instruction Publique ( _d1946. _cGinebra) _9154 |
|
| 245 | 1 | 2 | _aL'egalité d'access a l'enseignement du Second Degré. |
| 260 |
_aGenève : _b[s.n., _c1946] |
||
| 300 |
_a124 p. ; _c24 cm. |
||
| 490 | 1 |
_aPublications du Bureau International d'Education ; _v92 |
|
| 710 | 2 | 0 |
_aOficina Internacional de Educación _96022 |
| 830 | 0 |
_aPublications du Bureau International d'Education ; _v92 _9181740 |
|
| 852 |
_aES-MaACL _j1870-F-32 _bR.22282 |
||
| 999 |
_c46074 _d46074 |
||